Normal view MARC view
  • Franzini, Joseph.B Finnemore, E.John

Entry Personal Name

Number of records used in: 1

001 - CONTROL NUMBER

  • control field: 56964

003 - CONTROL NUMBER IDENTIFIER

  • control field: NUST

005 - DATE AND TIME OF LATEST TRANSACTION

  • control field: 20210628201824.0

008 - FIXED-LENGTH DATA ELEMENTS

  • fixed length control field: 210628|| aca||aabn | a|a d

040 ## - CATALOGING SOURCE

  • Original cataloging agency: NUST
  • Transcribing agency: NUST

100 ## - HEADING--PERSONAL NAME

  • Personal name: Franzini, Joseph.B Finnemore, E.John

670 ## - SOURCE DATA FOUND

  • Source citation: Work cat.: (NUST): Franzini, Joseph.B Finnemore, E.John, Fluid mechanics, with engineering applications, 1997
© 2023 Central Library, National University of Sciences and Technology. All Rights Reserved.